MARC

LEADER 00000nam0a2200000 4500
001 288431
005 20231102000104.0
020 |a RU  |b 85-68099 
035 |a (RuTPU)RU\TPU\book\312900 
090 |a 288431 
100 |a 20150325d1985 km y0rusy5003 ca 
101 0 |a rus 
102 |a RU 
105 |a a z 001zy 
200 1 |a Стандартизация элементов функционально стоимостного анализа эффективности машин  |f Р. А. Фатхутдинов 
210 |a Москва  |c Изд-во стандартов  |d 1985 
215 |a 111 с.  |c ил.  |d 21 см 
320 |a Библиогр.: с. 109-110 
606 1 |a Машины  |x Параметры оптимальные  |x Экономическая эффективность  |2 stltpush  |3 (RuTPU)RU\TPU\subj\41714  |9 61500 
610 1 |a функционально-стоимостный анализ 
610 1 |a классификация 
610 1 |a стандартизация 
610 1 |a затраты 
610 1 |a нормирование 
610 1 |a прогнозирование 
610 1 |a факторный анализ 
610 1 |a машиностроительное производство 
610 1 |a организационно-технический уровень 
610 1 |a аттестация 
675 |a 621.003  |z rus  |v 4 
700 1 |a Фатхутдинов  |b Р. А.  |g Раис Ахметович  |4 070 
801 0 |a RU  |b RuMRKP  |c 19950704  |g psbo 
801 1 |a RU  |b 63413507  |c 20150325 
801 2 |a RU  |b 63413507  |c 20171128  |g RCR 
942 |c BK